Report on current building activity in rural areas of Himachal Pradesh: national sample survey (Record no. 498887)

000 -LEADER
fixed length control field 00468cam a22001097a 4500
008 - FIXED-LENGTH DATA ELEMENTS--GENERAL INFORMATION
fixed length control field 180718b xxu||||| |||| 00| 0 eng d
082 ## - DEWEY DECIMAL CLASSIFICATION NUMBER
Classification number XA7x5462 H57
245 ## - TITLE STATEMENT
Title Report on current building activity in rural areas of Himachal Pradesh: national sample survey
Statement of responsibility, etc. by Directorate of Economics and Statistics, Himachal Pradesh
260 ## - PUBLICATION, DISTRIBUTION, ETC.
Place of publication, distribution, etc. Simla
Name of publisher, distributor, etc. Directorate of Economics and Statistics
Date of publication, distribution, etc.
300 ## - PHYSICAL DESCRIPTION
Extent 103p.
700 ## - ADDED ENTRY--PERSONAL NAME
Personal name Himachal Pradesh. Directorate of Economics and Statistics
Holdings
Withdrawn status Lost status Damaged status Not for loan Permanent Location Current Location Date acquired Full call number Barcode Date last seen Price effective from Koha item type
        Indian Institute of Public Administration Indian Institute of Public Administration 2018-08-04 XA7x5462 H57 GG19660 2018-08-04 2018-08-04 GG

Powered by Koha